| 000 | 00468nam a2200205Ia 4500 | ||
|---|---|---|---|
| 008 | 170918s9999 xx 000 0 und d | ||
| 020 | _a9780545507943 | ||
| 050 | _bK886lo 2013 | ||
| 100 | _aKowitt, H.N. | ||
| 245 | _aJinx of the loser / | ||
| 245 | _cby H.N Kowitt. | ||
| 260 | _aUSA : | ||
| 260 | _bScholastic, | ||
| 260 | _c2013 | ||
| 300 | _a195 pages : | ||
| 300 | _billustrations ; | ||
| 300 | _c20cm. | ||
| 300 | _eThe loser list ; | ||
| 440 | _a3 | ||
| 999 |
_c343601 _d343601 |
||